The role of dust in the formation of stars : (Record no. 5549)

MARC details
000 -LEADER
fixed length control field 01154nac a22003131i 4500
003 - CONTROL NUMBER IDENTIFIER
control field EG-ScBUE
005 - DATE AND TIME OF LATEST TRANSACTION
control field 20241221114539.0
008 - FIXED-LENGTH DATA ELEMENTS--GENERAL INFORMATION
fixed length control field 241221s1996 gw f b 001 0 eng d
020 ## - INTERNATIONAL STANDARD BOOK NUMBER
International Standard Book Number 3540614621
020 ## - INTERNATIONAL STANDARD BOOK NUMBER
International Standard Book Number 9783540614623
040 ## - CATALOGING SOURCE
Original cataloging agency EG-ScBUE
Language of cataloging eng
Description conventions rda
Transcribing agency EG-ScBUE
Modifying agency EG-ScBUE
082 04 - DEWEY DECIMAL CLASSIFICATION NUMBER
Classification number 523.88
Item number ROL
Edition number 22
111 ## - MAIN ENTRY--MEETING NAME
Date of meeting c Garching, Germany)
-- (1995 Sep :
245 04 - TITLE STATEMENT
Title The role of dust in the formation of stars :
Remainder of title proceedings of the ESO Workshop held at GarchingGermany, 11-14 September 1995 /
Statement of responsibility, etc Hans Ulrich Kaufl, Ralf Siebenmorgen (eds.)
264 #1 - PUBLICATION, DISTRIBUTION, ETC. (IMPRINT)
Place of publication, distribution, etc Berlin :
Name of publisher, distributor, etc Springer,
Date of publication, distribution, etc 1996.
300 ## - PHYSICAL DESCRIPTION
Extent 460 pages ;
Other physical details 24 cm.
336 ## - CONTENT TYPE
Source rdacontent
Content type term text
Content type code txt
337 ## - MEDIA TYPE
Media type term unmediated
Source rdamedia
Media type code n
338 ## - CARRIER TYPE
Carrier type term volume
Carrier type code nc
Source rdacarrier
490 0# - SERIES STATEMENT
Series statement ESO astrophysics symposia
504 ## - BIBLIOGRAPHY, ETC. NOTE
Bibliography, etc Includes bibliographical references and index.<br/>
650 #7 - SUBJECT ADDED ENTRY--TOPICAL TERM
Topical term or geographic name as entry element Stars
General subdivision Observations
Form subdivision Congresses.
Source of heading or term BUEsh
650 #7 - SUBJECT ADDED ENTRY--TOPICAL TERM
Topical term or geographic name as entry element Cosmic dust
Form subdivision Congresses.
Source of heading or term BUEsh
650 #7 - SUBJECT ADDED ENTRY--TOPICAL TERM
Topical term or geographic name as entry element Infrared astronomy
General subdivision Congresses.
Source of heading or term BUEsh
655 ## - INDEX TERM--GENRE/FORM
Form subdivision Reading book
700 1# - ADDED ENTRY--PERSONAL NAME
Personal name Kaufl, Hans Ulrich,
Relator term editor.
700 1# - ADDED ENTRY--PERSONAL NAME
Personal name Siebenmorgen, Ralf,
Dates associated with a name 1963-
Relator term editor.
942 ## - ADDED ENTRY ELEMENTS (KOHA)
Koha item type Book - Borrowing
Source of classification or shelving scheme Dewey Decimal Classification
Holdings
Withdrawn status Lost status Source of classification or shelving scheme Damaged status Not for loan Collection code Home library Current library Shelving location Date acquired Source of acquisition Total Checkouts Full call number Barcode Date last seen Price effective from Koha item type
    Dewey Decimal Classification     Alahram Central Library Central Library First floor 31/10/2007 Purchase   523.88 ROL 000006712 15/07/2025 31/10/2007 Book - Borrowing